00398nam a2200133Ia 4500003000900000008004100009040001600050245009700066260003200163300001000195650002400205650001300229700002200242IN-BaIIA211028s9999 xx 000 0 eng d cIIA Library 0aAntenna engineering hand bookcedited by Jasik Henry  aNew YorkbMcGraw-Hillc1961 a318p. aAntenna engineering aHandbook aHenry, Jasik, ed.